000 01866nam a2200337 i 4500
001 991061720884206706
003 ES-BaIT
005 20260224135004.0
008 260224e202402 fr a gr 000 d fre c
020 _a9782749816241
040 _aES-BaIT
_bcat
_erda
_cES-BaIT
080 _a840-2"19"
100 1 _aRouart, Jean-Marie,
_d1943-
_eautor
_943619
245 1 3 _aLe Bar de l'Oriental /
_cJean-Marie Rouart, de l'Académie française
264 1 _aParis :
_bL'avant-scène théâtre,
_cfévrier 2024
300 _a70 pàgines, 8 pàgines de làmines sense numerar :
_bi·lustracions ;
_c21 cm
336 _atext
_btxt
_2rdacontent
336 _aimatge fixa
_bsti
_2rdacontent
337 _asense mediació
_bn
_2rdamedia
338 _avolum
_bnc
_2rdacarrier
490 1 _aL'Avant-Scène Théâtre ;
_vno 1555
500 _aP6: D2, H4
500 _aPublicat com no 1555 (février 2024) de la revista L'Avant-scène théâtre
500 _aEstrena Festival Les 3 coups de Jarnac, juliol de 2023
520 _a"Nord Tonkin, 1950. Le conflit indochinois fait rage, l'armée française vacille et la ville de Lang Son retient son souffle, face à une offensive imminente du Vietminh. À la résidence des Pagodes, dans une nonchalante opulence qui contraste avec le tumulte de l'éxterieur, cinq personnages poursuivent leurs propres guerres. Porquoi Dorothée et Jean se sont-ils mariés? Dans quelles circonstances Dorothée a-t-elle connu le commandant de Marbourg, à Saigon? Quelles sont les ambitions de la jeune Mariane et du tenace commissaire Angeli? Entre torpeur, déni et désirs enfouis : la passé ressurgit dans l'urgence du présent"--
_cContracoberta
651 0 0 _aIndoxina
_xHistòria
_y1945-
_vTextos dramàtics
_9168653
830 _aAvant-scène.
_pThéâtre
_vno 1555
_9168170
908 _aCDMAE
940 _aCDMAE
942 _2udc
_c1
999 _c137126
_d137126